BIBLIA Y EJERCICIOS
Αποθηκεύτηκε σε:
| Μορφή: | Βιβλίο |
|---|---|
| Ετικέτες: |
Δεν υπάρχουν, Καταχωρήστε ετικέτα πρώτοι!
|
MARC
| LEADER | 00000nam^a2200000^a^4500 | ||
|---|---|---|---|
| 001 | 000200291 | ||
| 005 | 20250521000000.0 | ||
| 009 | 20260310102831.302 | ||
| 035 | |a 004946 | ||
| 037 | |a Acervo Xavier Clavigero | ||
| 082 | |a 273. 4 |b BIB | ||
| 245 | 1 | 0 | |a BIBLIA Y EJERCICIOS |
| 264 | |a MEXICO : |b S.E | ||
| 300 | |a 128p. | ||
| 336 | |a texto |b txt |2 rdacontenido | ||
| 337 | |a sin mediación |b n |2 rdamedio | ||
| 338 | |a volumen |b nc |2 rdasoporte | ||
| 649 | |a XX | ||
| 910 | |a Fondo General | ||
| 920 | |a Impresos - Libros | ||
| 930 | |a Colección General | ||
| 905 | |a 101 | ||
| 901 | |a 004946 |b IT1 |c ACC |i 004946 |u 20250521 | ||
| 901 | |a 005128 |b IT1 |c ACC |i 005128 |u 20250521 | ||
| 901 | |a 021090 |b IT1 |c ACC |i 021090 |u 20250521 | ||
| 902 | |a https://opac.biblio.iteso.mx/vufind/Record/000200291 | ||